书目信息 |
| 题名: |
海绵城市十讲
|
|
| 作者: | 俞孔坚, 讲述 ;牛建宏 编著 | |
| 分册: | ||
| 出版信息: | 北京 中国建筑工业出版社 2018.01 |
|
| 页数: | 202页 | |
| 开本: | 21cm | |
| 丛书名: | ||
| 单 册: | ||
| 中图分类: | TU984 | |
| 科图分类: | ||
| 主题词: | 城市建设--cheng shi jian she--研究 | |
| 电子资源: | ||
| ISBN: | 978-7-112-21650-5 | |
| 000 | 00984nam0 2200253 450 | |
| 001 | 0100002367 | |
| 005 | 20190312143335.82 | |
| 010 | @a978-7-112-21650-5@dCNY65.00 | |
| 100 | @a20180425d2018 em y0chiy50 ea | |
| 101 | 0 | @achi |
| 102 | @aCN@b110000 | |
| 105 | @aa z 000yy | |
| 200 | 1 | @a海绵城市十讲@Ahai mian cheng shi shi jiang@d= Ten lectures on sponge city@f俞孔坚讲述@g牛建宏编著@zeng |
| 210 | @a北京@c中国建筑工业出版社@d2018.01 | |
| 215 | @a202页@c彩图@d21cm | |
| 314 | @a俞孔坚, 美国景观设计师协会会士等。 | |
| 330 | @a本书包括十个部分, 主要内容包括: “大脚”美学和海绵哲学 ; 与水为友, 弹性适应 ; 充分利用雨水 让土地回归丰产 ; 最少干预, 满足最大需求 ; 让自然做功, 营造最美景观等。 | |
| 510 | 1 | @aTen lectures on sponge city@zeng |
| 606 | 0 | @a城市建设@Acheng shi jian she@x研究 |
| 690 | @aTU984@v5 | |
| 701 | 0 | @a俞孔坚,@Ayu kong jian@f1963-@4讲述 |
| 702 | 0 | @a牛建宏@Aniu jian hong@4编著 |
| 801 | 0 | @aCN@c20180910 |
| 905 | @a河南城建学院图书馆@dTU984@eY791-2 | |
| 海绵城市十讲= Ten lectures on sponge city/俞孔坚讲述/牛建宏编著.-北京:中国建筑工业出版社,2018.01 |
| 202页:彩图;21cm |
| ISBN 978-7-112-21650-5:CNY65.00 |
| 本书包括十个部分, 主要内容包括: “大脚”美学和海绵哲学 ; 与水为友, 弹性适应 ; 充分利用雨水 让土地回归丰产 ; 最少干预, 满足最大需求 ; 让自然做功, 营造最美景观等。 |
| ● |
| 相关链接 |
|
|
|
正题名:海绵城市十讲
索取号:TU984/Y791-2
 
预约/预借
| 序号 | 登录号 | 条形码 | 馆藏地/架位号 | 状态 | 备注 |
| 1 | 1244555 | 212445558 | 建筑库201/201建筑库 65排5列1层/ [索取号:TU984/Y791-2] | 在馆 | |
| 2 | 1401618 | 214016189 | 建筑库201/201建筑库 65排5列1层/ [索取号:TU984/Y791-2] | 在馆 | |
| 3 | 1401619 | 214016198 | 建筑库201/201建筑库 65排5列1层/ [索取号:TU984/Y791-2] | 在馆 |